Catalog

Record Details

Catalog Search



SS-1 : Heinrich Himmler : nepravděpodobná smrt / Hugh Thomas ; přeložil Jiří Gojda

Record details

  • ISBN: 978-80-7381-217-1 (váz.)
  • Physical Description: 311 s., [4] s. obr. příl. : il., portréty ; 22 cm
  • Edition: 1. vyd. v českém jazyce
  • Publisher: Praha : BB/art, 2007

Content descriptions

General Note:
Přeloženo z angličtiny
Bibliography, etc. Note:
Obsahuje bibliografické odkazy a rejstřík

Available copies

  • 1 of 1 copy available at Common Catalog SPOK.

Holds

  • 0 current holds with 1 total copy.
Show Only Available Copies
Location Call Number / Copy Notes Barcode Shelving Location Status Due Date
Terezin Initiative Institute 5513 4594305513 Knihovna ITI Available -

LDR 01793nam a2200505 a 4500
00127754
003CZ-PrJAB
00520230213100109.0
008071128s2007 xr acf gr 001 0bcze
015 . ‡acnb001781069
020 . ‡a978-80-7381-217-1 (váz.)
035 . ‡a(CONS)2576
035 . ‡a(CZ PrSKC)nkc20071781069
035 . ‡a(OCoLC)228599384
040 . ‡aBOA001 ‡bcze ‡dABA001
0411 . ‡acze ‡heng
080 . ‡a329.17-051 ‡2MRF
080 . ‡a328/329 ‡2MRF
080 . ‡a94(430) ‡2MRF
080 . ‡a(0:82-96) ‡2MRF
1001 . ‡aThomas, W. Hugh ‡q(Walter Hugh), ‡d1935- ‡7xx0071274 ‡4aut
24510. ‡aSS-1 : ‡bHeinrich Himmler : nepravděpodobná smrt / ‡cHugh Thomas ; přeložil Jiří Gojda
2463 . ‡aSS-1 Heinrich Himmler
2463 . ‡aHeinrich Himmler - nepravděpodobná smrt
250 . ‡a1. vyd. v českém jazyce
260 . ‡aPraha : ‡bBB/art, ‡c2007
300 . ‡a311 s., [4] s. obr. příl. : ‡bil., portréty ; ‡c22 cm
500 . ‡aPřeloženo z angličtiny
504 . ‡aObsahuje bibliografické odkazy a rejstřík
8524 . ‡bJACH-ITI ‡bJACH-ITI ‡cKnihovna ITI ‡j5513 ‡p5513 ‡y$0.00
910 . ‡aABE340 ‡b5513
995 . ‡askok
901 . ‡a27754 ‡bISxN ‡c27754 ‡tbiblio

Additional Resources